000 00679nam a2200217Ii 4500
003 JO-AjNU
008 230605s9999||||xx |||||||||||||| ||und||
017 _a2004/7/1814
040 _aJO-AjNU
_bara
_erda
_cJO-AjNU
041 _aara
050 1 4 _aK1054.K44.2004
100 3 _a الكيلاني ، مجد زيد,
_eauthor
_916767
245 0 0 _aالأسناد الرسمية والعادية
250 _aط1
264 3 1 _aعمان : دار زيد الكيلاني ، 2004
300 _a111ص
336 _atext
_btxt
_2rdacontent
337 _aunmediated
_bn
_2rdamedia
338 _avolume
_bnc
_2rdacarrier
650 4 _aالقانون المدني -- البيئة
_916768
999 _aA5042
_c8610
_d8610